[Event "Altensteig"]
[Site "Altensteig"]
[Date "1991.??.??"]
[Round "10"]
[White "Muse, Mladen"]
[Black "Chernin, Alexander"]
[Result "0-1"]
[WhiteElo "2445"]
[BlackElo "2605"]
[Annotator "Hertneck,G"]
[PlyCount "100"]
[EventDate "1991.07.??"]
[EventType "tourn"]
[EventRounds "11"]
[EventCountry "GER"]
[EventCategory "11"]
[SourceTitle "CBM 025"]
[Source "ChessBase"]
[SourceDate "1991.12.01"]
[SourceVersion "1"]
[SourceVersionDate "1991.12.01"]
[SourceQuality "1"]

1. d4 d5 2. Nf3 c6 3. c4 Nf6 4. Nc3 dxc4 5. a4 Bf5 6. Ne5 e6 7. f3 Bb4 8. e4
Bxe4 9. fxe4 Nxe4 10. Bd2 Qxd4 11. Nxe4 Qxe4+ 12. Qe2 Bxd2+ 13. Kxd2 Qd5+ 14.
Kc2 Na6 15. Nxc4 O-O-O 16. Qe3 $6 {I see no reason why white should return to
16.Qe3 instead of 16.Qe5 f6 17.Qe3 which provokes the weakness of the pawn e6.}
Nc5 (16... c5 17. Kb3 Nb4 18. Rc1 Nc6 19. Ka3 Nd4 $132) (16... Kb8 $13) 17. Be2
Qxg2 18. Rhg1 Qxh2 19. Kc3 {TN} (19. Rh1 Qg2 20. Rag1 Qe4+ (20... Qd5 21. Rh5
$1 f5 22. Rxg7 h6 $5 $17) 21. Qxe4 Nxe4 22. Rxg7 Rd4 $1 {/\ b5 =/+
Hergott-Marjanovic, Belgrad GMA op 1988}) (19. Rxg7 $4 Rd3 $17) 19... Rd5 $2 (
19... Nd7 $1 20. Rxg7 Nf6 21. Qxa7 (21. Bf3 Nd5+ 22. Bxd5 exd5 23. Qxa7 Qf4 $1
$17) (21. Kb3 Nd5 22. Qxa7 Qxe2 23. Qa8+ Kc7 24. Rxf7+ Rd7 25. Rxd7+ Kxd7 26.
Qxb7+ Nc7 27. Nb6+ Kd6 28. Nc4+ Kd7 $10) 21... Qxe2 22. Nb6+ $1 Kc7 23. Rxf7+
Rd7 $8 (23... Nd7 $2 24. Nxd7 Rxd7 25. Qa5+ $1 Kd6 $8 26. Qb4+ $1 Kc7 27. Rxd7+
Kxd7 28. Qd4+ $18) 24. Nxd7 Nxd7 25. Qa5+ Kd6 26. Qb4+ c5 $13) 20. b4 $1 Nd7
21. Bf3 Kb8 $2 (21... Rf5) 22. Rxg7 $2 (22. Bxd5 cxd5 23. Nd2 $16) 22... Rf5
23. Rh1 Qa2 24. Be4 Ne5 25. Qd4 Nxc4 26. Bxf5 b5 27. axb5 cxb5 28. Qf4+ e5 29.
Qc1 Rd8 30. Rd1 $2 (30. Qc2 Qa3+ 31. Qb3 $16 Qa6) 30... Rxd1 31. Rg8+ Kb7 32.
Qxd1 Qb2+ 33. Kd3 Qd4+ 34. Ke2 Qxd1+ 35. Kxd1 Ne3+ 36. Kd2 Nxf5 37. Rg5 Nd6 38.
Kd3 f5 39. Rg7+ Kc6 40. Rxa7 h5 41. Rh7 Kd5 42. Rxh5 e4+ 43. Kc3 Ke5 44. Rh8 f4
45. Rh7 Nf5 46. Rb7 f3 47. Rxb5+ Kf4 48. Ra5 f2 49. Ra1 e3 50. Kd3 Kf3 0-1

[Event "Malmo"]
[Site "Malmo"]
[Date "1993.??.??"]
[Round "5"]
[White "Petursson, Margeir"]
[Black "Hector, Jonny"]
[Result "1/2-1/2"]
[WhiteElo "2560"]
[BlackElo "2470"]
[Annotator "Hertneck,G"]
[PlyCount "81"]
[EventDate "1993.06.??"]
[EventType "tourn"]
[EventRounds "9"]
[EventCountry "SWE"]
[EventCategory "11"]
[SourceTitle "CBM 036"]
[Source "ChessBase"]
[SourceDate "1993.10.01"]
[SourceVersion "1"]
[SourceVersionDate "1993.10.01"]
[SourceQuality "1"]

1. d4 d5 2. c4 c6 3. Nf3 Nf6 4. Nc3 dxc4 5. a4 Bf5 6. Ne5 e6 7. f3 Bb4 8. Bg5
h6 9. Bh4 c5 10. dxc5 Qxd1+ 11. Kxd1 Nbd7 12. Nxd7 O-O-O 13. e4 Rxd7+ 14. Kc2
Bg6 $1 (14... Bh7 15. Bxc4 Bxc5 16. a5 g5 $2 17. Bg3 Nh5 $2 (17... Rhd8) 18.
Bb5 $1 Re7 19. Be5 $1 f6 20. Na4 $16 {Yusupov,A-Hertneck,G/Munchen/1993}) 15.
Bxc4 Bxc5 16. a5 $6 (16. Kb3 $5 Rd2 17. Rac1 $1 $13) 16... Nd5 $1 $36 17. Bb5
Ne3+ $1 18. Kb3 $2 (18. Kc1 $1 Rd4 (18... Rc7 19. Bg3 Re7 20. Kb1 $1 {/\ Rc1})
19. Bf2 Rb4 20. Ra4 (20. Re1 $2 Nxg2 21. Bxc5 Rxb5 22. Nxb5 Nxe1 23. Nxa7+ Kb8
24. Ra3 Rd8 $17) 20... Rxa4 21. Nxa4 Bd4 22. Rd1 $1 e5 (22... Nxd1 $2 23. Bxd4
Rd8 24. Bxa7 $16 {/\ Be2}) 23. Rd3 Nxg2 24. Bxd4 exd4 25. Rxd4 $14) 18... Rd4
$1 19. Na2 $5 (19. Bf2 Rd2 (19... Rb4+ 20. Ka2 Nc4 21. b3 Bxf2 22. Bxc4 $13)
20. Bxe3 Bxe3 21. Rhe1 $1 $10) 19... f5 $1 20. Rac1 b6 21. axb6 axb6 22. Be7 (
22. Bf2 f4) 22... e5 $1 23. Bxc5 Bf7+ 24. Ka3 bxc5 25. Rxc5+ Kb7 26. b3 $8 (26.
Bc6+ Kb6 27. Rhc1 Nc4+ $19) 26... Ra8+ 27. Ba4 Bxb3 28. Rb5+ Kc7 29. Kxb3 Rdxa4
30. Rc1+ Kd8 31. Nb4 $1 Ra3+ 32. Kb2 fxe4 33. fxe4 $10 R3a4 34. Kb3 Ra3+ 35.
Kb2 R3a4 36. g3 Ng4 37. Rb7 Nf6 38. Rc5 Nxe4 39. Rc6 R4a7 40. Rcb6 Ke8 41. Re6+
1/2-1/2

[Event "Helsinki op"]
[Site "Helsinki"]
[Date "1992.??.??"]
[Round "4"]
[White "Van Wely, Loek"]
[Black "Tukmakov, Vladimir B"]
[Result "1/2-1/2"]
[WhiteElo "2525"]
[BlackElo "2570"]
[Annotator "Hertneck,G"]
[PlyCount "35"]
[EventDate "1992.09.??"]
[EventType "swiss"]
[EventRounds "9"]
[EventCountry "FIN"]
[SourceTitle "CBM 032"]
[Source "ChessBase"]
[SourceDate "1993.02.01"]
[SourceVersion "1"]
[SourceVersionDate "1993.02.01"]
[SourceQuality "1"]

1. d4 d5 2. c4 c6 3. Nc3 Nf6 4. Nf3 dxc4 5. a4 Bf5 6. Ne5 e6 7. f3 Bb4 8. Bg5 (
8. e4) 8... h6 9. Bh4 c5 10. dxc5 Qa5 (10... Qxd1+ 11. Kxd1 Nbd7 12. Nxd7 O-O-O
13. e4 Rxd7+ 14. Kc2 Bh7 15. c6 bxc6 16. Bxc4 $14 {Miles,A-Torre,E, Zagreb izt
1987, 44/447}) 11. Qd4 Nc6 (11... Bxc5 12. Qxc4 O-O 13. e4 Bh7 14. Nd3 Be7 15.
Qb5 Qc7 16. Bg3 Qc8 17. a5 $14 {Yusupov,A-Timman,J, Reykjavik 1988, 46/497})
12. Nxc6 bxc6 13. e4 Bg6 14. Bf2 $1 $146 (14. Qxc4 Nd7 15. Bf2 Rb8 $1 16. O-O-O
Bxc5 $13 {Piket,J-Cuijpers,F, Hilversum 1988} (16... Nxc5 $1 17. Na2 $140 Nb3+
$17)) 14... O-O 15. Be2 Rfd8 16. Qxc4 Nd7 17. Rd1 (17. O-O-O $5) 17... Ne5 $1 (
17... Bxc5 $2 18. Bxc5 Nxc5 (18... Qxc5 19. Rxd7 $18) 19. Rxd8+ Rxd8 20. b4 $18
) (17... Nxc5 $2 18. O-O $14 Nxa4 $2 (18... Bxc3 $2 19. bxc3 Nxa4 20. Ra1 $18)
19. Ra1 Nb6 20. Qb3 $16) 18. Qb3 (18. Qb3 Rxd1+ 19. Qxd1 Bxc5 (19... Bxc3+ 20.
bxc3 Qxc3+ 21. Qd2 Qa1+ $13) 20. O-O Bxf2+ 21. Rxf2 Rd8 $13) 1/2-1/2

[Event "Biel SKA"]
[Site "Biel"]
[Date "1991.??.??"]
[Round "7"]
[White "Shirov, Alexei"]
[Black "Bareev, Evgeny"]
[Result "1/2-1/2"]
[WhiteElo "2610"]
[BlackElo "2680"]
[Annotator "Hertneck,G"]
[PlyCount "89"]
[EventDate "1991.07.??"]
[EventType "tourn"]
[EventRounds "14"]
[EventCountry "SUI"]
[EventCategory "15"]
[SourceTitle "CBM 025"]
[Source "ChessBase"]
[SourceDate "1991.12.01"]
[SourceVersion "1"]
[SourceVersionDate "1991.12.01"]
[SourceQuality "1"]

1. d4 d5 2. c4 Nf6 3. Nc3 c6 4. Nf3 dxc4 5. a4 Bf5 6. Ne5 e6 7. f3 Bb4 8. e4
Bxe4 9. fxe4 Nxe4 10. Bd2 Qxd4 11. Nxe4 Qxe4+ 12. Qe2 Bxd2+ 13. Kxd2 Qd5+ 14.
Kc2 Na6 15. Nxc4 O-O-O $1 (15... O-O $2 16. Qe5 f6 17. Qxd5 $1 cxd5 18. Na5 $1
$16) (15... Ke7 $5 16. Qe5 Rhd8 17. Be2 Nb4+ 18. Kb3 Qxe5 19. Nxe5 Rd2 20. Bf3
Nd5 21. Rad1 $14 {Züger,B-Hertneck,G, Mitropa cup 1990}) 16. Qe5 $1 {/\ Qg7} (
16. Qe1 $2 Qc5 $1 17. Qe5 Rd5 18. Qc3 Rhd8 {|^ Gronn,A-Khenkin,I, Gausdal
International 1991}) 16... f6 17. Qe3 $1 Kb8 $1 (17... c5 18. Kb3 Nb4 19. Rc1
Nc6 20. Ka3 Nd4 21. Na5 $1 e5 22. Qc3 b6 23. Nb3 Qxb3+ 24. Qxb3 Nxb3 25. Kxb3 {
+/- Karpov,An-Hjartarson,J, Tilburg 1988, i46/495}) 18. Be2 $1 (18. Rg1 $2 Qf5+
19. Kb3 Nc5+ 20. Kb4 Rd5 21. g4 Qc2 22. Qg3+ e5 23. Rg2 Nd3+ $1 24. Bxd3 c5+ $1
25. Ka5 Qb3 26. Qe1 Rd6 $1 {-+ Wells,P-Hector,J, London WFW 1991}) 18... Qxg2
19. Rhg1 Qxh2 20. Rxg7 Nb4+ 21. Kb3 Nd5 22. Qf3 (22. Qxe6 $4 Rhe8 23. Qf7 Qh3+
$1 24. Kc2 Nb4+ 25. Kc1 Qh1+ $19) 22... Qf4 23. Rf1 Qd4 24. Qf2 $1 Qxf2 (24...
Qe4 $4 25. Rg4 {+- Khuzman,A-Vladimirov,E, Soviet Union 1989}) 25. Rxf2 Kc8 {TN
} (25... Rc8 26. Bh5 Rc7 27. Rfg2 Rd8 28. Bf7 Re7 {Blees,A-Cuijpers,F,
Hilversum 1989}) 26. Bg4 f5 27. Bh5 Rd7 28. Rfg2 (28. Bf7 $6 Kc7 $13) 28...
Rhd8 29. Ne5 Rxg7 30. Rxg7 Nf4 31. Rxh7 Rd5 (31... Nxh5 $5 32. Rxh5 Rd5 33.
Rh8+ Kc7 34. Rh7+ Kd6 $13) 32. Ng6 Nxg6 33. Bxg6 Rd7 34. Kc4 $5 {It seems to
me that white should have avoided the rook exchange. But black had equalised
anyway.} Rxh7 {=/=/+} 35. Bxh7 Kd7 36. Kc5 b6+ 37. Kc4 a5 38. Bg6 Kd6 39. Be8
e5 40. Bh5 e4 41. Be8 c5 42. Kc3 Ke5 43. Bd7 f4 44. Bb5 f3 45. Ba6 1/2-1/2

[Event "Munich SKA"]
[Site "Munich"]
[Date "1991.05.19"]
[Round "13"]
[White "Gelfand, Boris"]
[Black "Hort, Vlastimil"]
[Result "1-0"]
[WhiteElo "2700"]
[BlackElo "2540"]
[Annotator "Hertneck,G"]
[PlyCount "99"]
[EventDate "1991.05.04"]
[EventType "tourn"]
[EventRounds "13"]
[EventCountry "GER"]
[EventCategory "14"]
[SourceTitle "CBM 023"]
[Source "ChessBase"]
[SourceDate "1991.08.01"]
[SourceVersion "1"]
[SourceVersionDate "1991.08.01"]
[SourceQuality "1"]

1. d4 {Gelfand} d5 2. c4 c6 3. Nf3 Nf6 4. Nc3 dxc4 5. a4 Bf5 6. Ne5 e6 7. f3
Bb4 8. e4 Bxe4 9. fxe4 Nxe4 10. Bd2 Qxd4 11. Nxe4 Qxe4+ 12. Qe2 Bxd2+ 13. Kxd2
Qd5+ 14. Kc2 Na6 15. Nxc4 O-O-O 16. Qe5 f6 17. Qe3 Nc5 18. Be2 (18. b4 Nxa4 $2
(18... Qe4+ 19. Qxe4 Nxe4 20. Be2 h5 {see game} (20... e5 $14)) 19. Be2 $1 $16
{Stohl,I-Haba,P, Praha 1989, i48/504}) 18... h5 $5 {With this TN black
introduces a completely new plan in this system. The pawn on h5 prevents Bg4
and at the same prepares the exchange of the kingside pawns.} 19. b4 Qe4+ (
19... Qf5+ {Gelfand} 20. Kc3 Ne4+ 21. Kb2 Kb8 $14) 20. Qxe4 Nxe4 21. Rhd1 $6 (
21. Rhe1 {/\ Ld3}) (21. b5 $5 {Gelfand} cxb5 22. axb5 Kb8 23. b6 a6 24. Rhd1
$40) 21... Rxd1 (21... Rd5 {Gelfand} 22. Bf3) 22. Rxd1 Kc7 23. Nd2 $14 (23. Rd4
{Gelfand} Ng5 (23... f5 24. Ne5 Nf6 $14 {V.Hort}) 24. Rh4 g6 25. g4 e5 26. gxh5
Ne6 $44) (23. Na5 {Gelfand} b6 24. Nb3 e5) 23... Nxd2 (23... Ng5 $2 {Gelfand}
24. Nb3 $16) 24. Rxd2 h4 25. Bc4 Re8 26. Re2 (26. Kd3 {Gelfand} Rd8+ 27. Ke3
Rxd2 28. Kxd2 Kd6 $10) 26... Kd6 27. Kd3 g5 28. Rd2 f5 29. Ke3+ Kc7 (29... Ke7
{Gelfand} 30. a5 $5 (30. b5 {/\ g3;<->a})) 30. b5 Re7 31. bxc6 Kxc6 32. Bb5+ (
32. Rd8 $5 {Gelfand}) 32... Kc7 33. a5 Rf7 34. Kd4 Kd6 35. Kc4+ Kc7 36. Ba4 Re7
37. Rd1 (37. Kb5 $5 {Gelfand}) 37... g4 38. Kc5 b6+ 39. axb6+ axb6+ 40. Kb4 f4
41. Bc2 Rf7 (41... Rd7 $1 $10 {Gelfand}) 42. Be4 f3 (42... Rd7 {Gelfand} 43.
Rc1+ Kd6 $10) 43. gxf3 gxf3 44. Kc3 b5 (44... f2 {Gelfand} 45. Rf1 b5 46. Kd4
b4 47. Ke3 b3 48. Bf3 b2 49. Kxf2 Rf4 $10) 45. Bd3 (45. Rf1 {Gelfand} f2 {
- 44...f2}) 45... Rg7 (45... h3 $1 {Gelfand} 46. Bxb5 Rg7 {/\ 47.Cf1 Lg2} 47.
Rf1 Rg2 48. Rxf3 Rxh2) 46. h3 e5 47. Bxb5 e4 48. Kd4 Kb6 49. Rb1 f2 50. Be2+
1-0

[Event "Ter Apel"]
[Site "Ter Apel"]
[Date "1991.02.27"]
[Round "3"]
[White "Cramling, Pia"]
[Black "Brenninkmeijer, Joris"]
[Result "0-1"]
[WhiteElo "2470"]
[BlackElo "2520"]
[Annotator "Hertneck,G"]
[PlyCount "72"]
[EventDate "1991.02.25"]
[EventType "tourn"]
[EventRounds "5"]
[EventCountry "NED"]
[EventCategory "11"]
[SourceTitle "CBM 024"]
[Source "ChessBase"]
[SourceDate "1991.10.01"]
[SourceVersion "1"]
[SourceVersionDate "1991.10.01"]
[SourceQuality "1"]

1. d4 d5 2. c4 c6 3. Nf3 Nf6 4. Nc3 dxc4 5. a4 Bf5 6. Ne5 e6 7. g3 Bb4 8. Bg2
Be4 (8... Ne4 9. O-O Nxc3 10. bxc3 Bxc3 11. Ba3 $1 Qxd4 $1 12. Nxc4 $1 Qxc4 13.
Qd6 Bf6 14. Rfd1 e5 15. Rab1 $1 {/\ 15...Bb1?? 16.Bh3 +-. This position ended
in a draw in Knaak,R-Hertneck,G, Badenweiler op 1990, but probably either
white or black should be winning.}) 9. f3 Bg6 10. e4 c5 11. Be3 cxd4 12. Qxd4
Qxd4 13. Bxd4 O-O {TN} (13... Nc6 14. Nxc6 bxc6 15. Bf1 Ke7 16. Bxc4 Rhd8 17.
Be3 Nd5 $3 18. Bd2 Nxc3 19. bxc3 Bc5 {1/2 Dreev,A-Bareev,E, Lvov 1987, i44(446)
}) 14. Bf1 Nfd7 $1 15. Nxc4 (15. Nxd7 Nxd7 16. Bxc4 Rac8 17. Bb5 Nc5 $13) 15...
Nc6 16. Be3 Nc5 17. Be2 f5 18. exf5 Bxf5 19. O-O Nb3 20. Rad1 Rad8 {=/=/+ >< d4
} 21. Rxd8 Rxd8 22. Ne4 Nbd4 23. Bd1 h6 24. Kg2 e5 25. h4 Be6 26. Ncd2 Nf5 27.
Kf2 Rd3 28. Bc2 Rxe3 29. g4 Ncd4 30. gxf5 Re2+ 31. Kg1 Bxd2 32. Bd1 Be3+ 33.
Kh1 Bc4 34. Bxe2 Bxe2 35. Re1 Bxf3+ 36. Kh2 Nc2 0-1

[Event "Kerteminde"]
[Site "Kerteminde"]
[Date "1991.??.??"]
[Round "1"]
[White "Shirov, Alexei"]
[Black "Hector, Jonny"]
[Result "1-0"]
[WhiteElo "2615"]
[BlackElo "2465"]
[Annotator "Hertneck,G"]
[PlyCount "111"]
[EventDate "1991.02.??"]
[EventType "tourn"]
[EventRounds "9"]
[EventCountry "DEN"]
[EventCategory "10"]
[SourceTitle "CBM 023"]
[Source "ChessBase"]
[SourceDate "1991.08.01"]
[SourceVersion "1"]
[SourceVersionDate "1991.08.01"]
[SourceQuality "1"]

1. d4 {Ftacnik} d5 2. c4 c6 3. Nf3 Nf6 4. Nc3 dxc4 5. a4 Bf5 6. Ne5 e6 7. f3
Bb4 8. e4 Bxe4 9. fxe4 Nxe4 10. Bd2 Qxd4 11. Nxe4 Qxe4+ 12. Qe2 Bxd2+ 13. Kxd2
Qd5+ 14. Kc2 Na6 15. Nxc4 O-O-O 16. Qe5 f6 17. Qe3 Qf5+ $6 (17... Nc5 $5 18. b4
(18. Be2 h5 $5 19. b4 Qe4+ 20. Qxe4 Nxe4 21. Rhd1 $14 {Gelfand,B-Hort,V,
Munich 1991}) 18... Nxa4 $2 19. Be2 $1 $16 {Stohl,I-Haba,P, Praha 1989, i48/504
}) (17... Kb8 $1 18. Be2 Qxg2 19. Rhg1 Qxh2 20. Rxg7 Nb4+ 21. Kb3 Nd5 22. Qf3
Qh4 $1 $13 {Hertneck,G-Finegold,B, Bundesliga 1990, i49(446)}) 18. Kc3 $5 (18.
Kb3 Nc5+ 19. Kb4 Rd5 (19... b6 {Ftacnik} 20. Kc3 Rd5 21. Qf3 Rhd8 22. Qxf5 Rxf5
23. b4 Ne4+ 24. Kb3 Rf2 25. Re1 Nd2+ 26. Nxd2 Rdxd2 $10 {Khenkin,I-Hector,J/
Stockholm op/1990/}) 20. Qxc5 Rxc5 21. Nd6+ Kc7 22. Nxf5 Rxf5 23. Rd1 (23. b3
Rd8 24. Bc4 $16 {Novikov,I-Khmelnitsky,, Kherson 1989}) 23... Rf2 24. b3 $16 {
Gelfand,B-Hector,J, Debrecen 1989, i47(463)}) 18... Nc5 19. Be2 Rd5 20. b4 $1 {
TN} (20. Rhf1 $6 Qg6 21. Rfd1 $6 Rhd8 22. Rxd5 Ne4+ 23. Kb4 exd5 24. Qxa7 dxc4
25. Qa8+ Kc7 26. Qa5+ Kc8 27. Qa8+ {1/2 Schmidt,Wl-Pekarek,A, Prague Bohemians
A 1989}) (20. Rhd1 {Ftacnik} Rhd8 21. Rxd5 Ne4+ 22. Kb3 exd5) 20... Ne4+ 21.
Kb2 Rhd8 (21... b5 {Ftacnik} 22. axb5 cxb5 23. Rxa7 bxc4 24. Ra8+ Kd7 25. Qa7+
Kd6 26. Qb6+ Ke7 27. Ra7+ Rd7 28. Rxd7+ Kxd7 29. Rd1+ $18) 22. Rhd1 Nf2 $2 (
22... b5 {Ftacnik} 23. axb5 cxb5 24. Nb6+ axb6 25. Ra8+ Kc7 26. Qc1+ Kd7 27.
Bxb5+ $18) 23. Rxd5 (23. Rf1 $2 Qe4 24. Qxe4 (24. Rxf2 $2 Rd2+ 25. Qxd2 Rxd2+
26. Nxd2 Qd4+ $19) (24. Qxf2 $2 Rd2+ 25. Nxd2 Qxb4+ 26. Kc1 Rxd2 $19) 24...
Nxe4 25. Rac1 $14) 23... exd5 24. Rf1 $1 dxc4 25. Rxf2 c3+ (25... Qd5 26. Bg4+
$1 (26. Kc3 $16 {Ftacnik}) 26... Kb8 27. Be6 Qd3 28. Qf4+ $18) 26. Kxc3 $1 Qb1
27. Bd3 $18 Qa1+ 28. Kb3 a5 29. Rf1 (29. bxa5 $5 {Ftacnik}) 29... Qd4 30. Bf5+
Kc7 31. Qxd4 Rxd4 32. bxa5 g6 33. Bc2 f5 34. Kc3 Rd5 35. Bb3 Rxa5 36. Re1 Kd7
37. Kb4 b6 (37... Ra8 {Ftacnik} 38. a5 $16) 38. Bg8 f4 39. Bxh7 Rg5 40. Re2 Rg4
41. Kb3 Kd6 42. Bg8 Rh4 43. h3 f3 44. gxf3 Rxh3 45. Re3 b5 46. axb5 cxb5 47.
Be6 Rh1 48. Bg4 Kc5 49. Re5+ Kd4 50. Rxb5 Ke3 51. Kc4 Kf4 52. Kd5 Re1 53. Rb4+
Kg3 54. Re4 Ra1 55. Ke5 Ra6 56. Rd4 1-0

[Event "Tilburg"]
[Site "Tilburg"]
[Date "1993.??.??"]
[Round "1"]
[White "Khenkin, Igor"]
[Black "Hertneck, Gerald"]
[Result "1/2-1/2"]
[WhiteElo "2570"]
[BlackElo "2555"]
[Annotator "Hertneck,G"]
[PlyCount "63"]
[EventDate "1993.11.??"]
[EventType "k.o."]
[EventRounds "7"]
[EventCountry "NED"]
[SourceTitle "CBM 039"]
[Source "ChessBase"]
[SourceDate "1994.04.01"]
[SourceVersion "1"]
[SourceVersionDate "1994.04.01"]
[SourceQuality "1"]

1. d4 Nf6 2. Nf3 d5 3. c4 c6 4. Nc3 dxc4 5. a4 Bf5 6. Nh4 Bg6 7. Nxg6 hxg6 8.
e4 {N} (8. e3) 8... e6 9. Bxc4 Bb4 10. Qb3 $6 (10. Qd3) 10... a5 11. O-O Qxd4 (
11... Nxe4 $2 12. Nxe4 Qh4 13. Qh3 $18) 12. Bxe6 O-O $8 (12... fxe6 $2 13.
Qxe6+ Be7 14. Rd1 Qb6 15. Nb5 $18) 13. Bc4 Nbd7 (13... Nxe4 $5 14. Be3 Qe5 15.
Nxe4 Qxe4 16. Rad1 $44) 14. Be3 Qe5 15. f4 Qe7 16. e5 Ng4 17. Ne4 Nxe3 (17...
Ndxe5 $2 18. fxe5 Qxe5 19. Bxf7+ Kh8 20. Rf4 $18) 18. Qxe3 Bc5 $1 19. Nxc5 Qxc5
20. Qxc5 Nxc5 21. f5 (21. b3 Rad8 22. Rad1 Ne6 $13) 21... gxf5 22. Rxf5 Ne6 (
22... Rad8 23. e6 Nxe6 24. Rxa5 Rd2 $13) 23. Raf1 $6 (23. Rd1 Rad8 24. Rd6 Rxd6
25. exd6 Rd8 26. Rxa5 Rxd6 $10) 23... Rae8 24. h4 Re7 $1 {/\b5} 25. Kh2 $6 (25.
h5) 25... b5 26. Ba2 $2 (26. axb5 cxb5 27. Bd5 $10) 26... g6 $1 (26... bxa4 27.
h5 $132) 27. Rf6 bxa4 $15 28. h5 $2 (28. g4 Kg7 29. Kg3 Rb8 30. Bxe6 fxe6 31.
Kf4 Rxb2 (31... Rb5 32. Ra1 $10) 32. Kg5 a3 33. Rxg6+ Kh7 $10 34. Rh6+ $10)
28... gxh5 29. R1f3 Rfe8 $1 (29... Ng5 $4 30. Rg6+ $18) (29... Ng7 $2 30. Rg3
Kh7 31. Bb1+ Kg8 32. Rh6 {/\ Rh7 +-}) (29... Rb8 $2 30. Rxf7) 30. Rh6 $1 (30.
Rg3+ Kf8 31. Rh6 Rb7 $17) 30... Rb7 31. Rxf7 $1 $10 Rxb2 (31... Rxf7 32. Bxe6
Rxe6 (32... Kg7 33. Bxf7 Rxe5 $2 34. Rxh5) 33. Rxe6 Rb7 34. Rxc6 Rxb2 35. Rc5
$10) (31... Kxf7 32. Rh7+ Kg6 33. Rxb7 Ng5 (33... Nc5 34. Bf7+ Kf5 35. Bxe8
Nxb7 36. Bxc6 Nc5 37. Kg3 $10) 34. Bb1+ Kh6 35. Rc7 Rxe5 36. Rxc6+ Re6 37. Rc4
Rb6 $10) 32. Ra7 $1 (32. Ra7 Rxa2 33. Rg6+ $10) 1/2-1/2

[Event "Pardubice"]
[Site "Pardubice"]
[Date "1993.??.??"]
[Round "5"]
[White "Stohl, Igor"]
[Black "Hodgson, Julian M"]
[Result "1/2-1/2"]
[WhiteElo "2545"]
[BlackElo "2625"]
[Annotator "Hertneck,G"]
[PlyCount "35"]
[EventDate "1993.07.??"]
[EventType "tourn"]
[EventRounds "9"]
[EventCountry "CZE"]
[EventCategory "14"]
[SourceTitle "CBM 037"]
[Source "ChessBase"]
[SourceDate "1993.12.01"]
[SourceVersion "1"]
[SourceVersionDate "1993.12.01"]
[SourceQuality "1"]

1. Nf3 d5 2. d4 Nf6 3. c4 c6 4. Nc3 dxc4 5. a4 Bf5 6. Ne5 e6 7. f3 Bb4 8. Bg5
c5 9. dxc5 Qa5 10. Qd4 Bxc5 11. Qxc4 O-O (11... Nbd7 12. Nxd7 Nxd7 13. e4 Bg6
14. Qb5 $13 {Sosonko,G-Huebner,R/Tilburg/1984}) 12. e4 Bg6 13. Bd2 $146 (13.
Nd3 Be7 $6 (13... Bf2+ $15) 14. Qb5 $14 {Sieglen,J-Lutz,C/Bundesliga/1989})
13... Na6 14. Nd3 Be7 15. Be2 (15. Nd5 $4 exd5 $19) 15... Rfc8 $132 16. Qb5 Qd8
$1 17. Be3 $1 (17. Qxb7 Nc5 18. Nxc5 Bxc5 $44) (17. O-O Nc5 $17) 17... Nd7 18.
O-O (18. O-O Nac5 $10) 1/2-1/2

[Event "Munich SKA"]
[Site "Munich"]
[Date "1991.05.10"]
[Round "6"]
[White "Gelfand, Boris"]
[Black "Hertneck, Gerald"]
[Result "1/2-1/2"]
[WhiteElo "2700"]
[BlackElo "2535"]
[Annotator "Hertneck,G"]
[PlyCount "61"]
[EventDate "1991.05.04"]
[EventType "tourn"]
[EventRounds "13"]
[EventCountry "GER"]
[EventCategory "14"]
[SourceTitle "CBM 023"]
[Source "ChessBase"]
[SourceDate "1991.08.01"]
[SourceVersion "1"]
[SourceVersionDate "1991.08.01"]
[SourceQuality "1"]

1. d4 {Ftacnik} d5 2. c4 c6 3. Nc3 Nf6 4. Nf3 dxc4 5. a4 Bf5 6. Ne5 e6 7. f3
Bb4 8. e4 Bxe4 9. fxe4 Nxe4 10. Bd2 Qxd4 11. Nxe4 Bxd2+ 12. Nxd2 (12. Qxd2 Qxe5
(12... Qxe4+ 13. Qe2 Qxe2+ 14. Bxe2 Nd7 15. Nxc4 $16) 13. O-O-O O-O 14. Nd6 b5
15. Be2 Na6 16. Rhe1 $13 {ECO D17/13 n.68}) 12... Qxe5+ 13. Be2 (13. Qe2 Qxb2
14. Rb1 $5) 13... b5 14. O-O {TN} (14. axb5 cxb5 15. Ra5 O-O (15... a6 16. Nxc4
Qc7 17. Nd6+ Ke7 18. O-O $1 Qc5+ 19. Kh1 f6 20. Ne4 Qb4 21. Ra3 $18 {Khalifman,
A-Ehlvest,J, SU ch 1988, i46/490}) 16. Nxc4 Qg5 17. Bf3 Nc6 18. Bxc6 Rac8 {
/\ Qh4 ; Khalifman,A-Hertneck,G, Nurnberg SKA cup 1990}) 14... O-O 15. Bf3 Qxb2
$1 16. axb5 Qxb5 (16... Rd8 $4 17. Nxc4 $18) 17. Rb1 $6 (17. Qe2 Nd7 18. Nxc4
a5 $5 $14) 17... Qa5 $1 18. Kh1 (18. Nxc4 $2 {Ftacnik} Qc5+) 18... Qc7 19. Nxc4
Nd7 {=/=/+} 20. Qe2 Rab8 21. Be4 Rxb1 22. Bxb1 Rb8 (22... g6 $5 {Ftacnik}) 23.
Bxh7+ Kxh7 24. Qh5+ Kg8 25. Qxf7+ Kh8 26. Qh5+ Kg8 27. Qf7+ Kh8 28. Qxe6 (28.
Qh5+ $10 {Ftacnik}) 28... Nf8 29. Qf5 Qd7 30. Qf4 Re8 31. Ne5 1/2-1/2